书目信息 |
| 题名: |
当代文学研究丛刊
|
|
| 作者: | ;中国当代文学研究会 编 | |
| 分册: | 2 | |
| 出版信息: | 北京 中国社会出版社 1991.10 |
|
| 页数: | 201页 | |
| 开本: | 26cm | |
| 丛书名: | ||
| 单 册: | ||
| 中图分类: | I206.6 | |
| 科图分类: | ||
| 主题词: | ||
| 电子资源: | ||
| ISBN: | ||
| 000 | 00614nam0 2200193 45 | |
| 001 | 0181008394 | |
| 005 | 20051129153955.84 | |
| 010 | @dCNY1.25 | |
| 091 | @a10190.062 | |
| 100 | @a20810111d km y0chiy0120 ea | |
| 101 | 0 | @achi |
| 105 | @a z 000ay | |
| 200 | 1 | @a当代文学研究丛刊@Adangdaiwenxueyianjiucongkan@h2@f中国当代文学研究会编@Fzhong guo dang dai wen xue yan jiu hui bian |
| 210 | @a北京@c中国社会出版社@d1991.10 | |
| 215 | @a201页@d26cm | |
| 690 | @aI206.6@v3 | |
| 711 | 02 | @a中国当代文学研究会@Azhong guo dang dai wen xue yan jiu hui@4编 |
| 801 | @aCN@bTSTC@c20051129 | |
| 905 | @dI206.6@e1@f1@b64260 | |
| 当代文学研究丛刊.2/中国当代文学研究会编.-北京:中国社会出版社,1991.10 |
| 201页;26cm |
| ISBN :CNY1.25 |
| ● |
| 相关链接 |
|
|
|
|
正题名:当代文学研究丛刊
索取号:I206.6/1
 
预约/预借
| 序号 | 登录号 | 条形码 | 馆藏地/架位号 | 状态 | 备注 |
| 1 | 0064258 | 202157753 | 密集书库/ [索取号:I206.6/1] | 在馆 | |
| 2 | 0064260 | 001716851 | 密集书库/ [索取号:I206.6/1] | 在馆 |